00302pam a2200133 a 4500020000500000041000800005082001300013100002000026245004600046250001000092260003900102300001200141653001500153 c aeng a657bCHA aChakraborthy H. aManagement AccountancyhTextual Documents a1997. aNew DelhibOxford University Press a1008pg. aAccounting